東京アートディレクターズクラブ = Who's who: art directors in Japan

Gardado en:
Detalles Bibliográficos
Autor Corporativo: 東京アートディレクターズクラブ編集
Formato: Libro
Idioma:Undetermined
Publicado: 東京 美術出版社 1990
Những chủ đề:
Các nhãn: Engadir etiqueta
Sen Etiquetas, Sexa o primeiro en etiquetar este rexistro!
Thư viện lưu trữ: Trung tâm Học liệu Trường Đại học Cần Thơ
LEADER 00635nam a2200193Ia 4500
001 CTU_93594
008 210402s9999 xx 000 0 und d
082 |a 745.2 
082 |b T647 
110 |a 東京アートディレクターズクラブ編集 
245 0 |a 東京アートディレクターズクラブ = 
245 0 |b Who's who: art directors in Japan 
245 0 |c 東京アートディレクターズクラブ編集 
260 |a 東京 
260 |b 美術出版社 
260 |c 1990 
650 |a Design,Industrial 
904 |i Ngoc 
980 |a Trung tâm Học liệu Trường Đại học Cần Thơ